| 000 | 00509 a2200145 4500 | ||
|---|---|---|---|
| 999 |
_c1934 _d1934 |
||
| 020 | _a9781408100721 | ||
| 050 | _aHF 415.1265 HOL 2008 | ||
| 100 |
_aHolden, Philip R. _eauthor |
||
| 245 |
_aVirtually free marketing: _bharnessing the power of the web for your small business / _cPhilip R. Holden |
||
| 264 |
_aBritain : _bA&C Publishers, _c2008 |
||
| 300 |
_a257p.: _bill. |
||
| 500 | _aIncludes an index | ||
| 650 | _aHarnessing the power of the web for your small business | ||
| 942 |
_2lcc _cBK _h415.1265 _iHOL _kHF |
||